Born in South Carolina Quiz Stats

 Plays Quiz Updated Feb 29, 2020

Support Sporcle.
Go Orange.
Score 0/20 Timer 04:00
0 Plays Today
% Correct
ComedianChris Rock
90.8%
MusicianJames Brown
80.1%
PoliticianJesse Jackson
73.9%
ActorAndy Dick
55.2%
ActorAndie MacDowell
51.7%
ComedianAziz Ansari
48.1%
MusicianDarius Rucker
46.8%
AthleteKevin Garnett
46%
TV HostVanna White
44.9%
PoliticianJohn Edwards
44.1%
% Correct
ActorChadwick Boseman
39.6%
MusicianEartha Kitt
31.4%
MusicianDizzy Gillespie
31.4%
ActorViola Davis
29.8%
AthleteJoe Frazier
29.1%
ActorMary-Louise Parker
24.9%
AthleteArt Shell
21.7%
MusicianChubby Checker
21.2%
TV HostLeeza Gibbons
19.3%
ActorThomas Gibson
17.2%

From the Vault

The Village Curse: A Quest in Verse

by survivor

Can you save the village from endless nighttime, all while enjoying a jaunty rhyme?
Remove Ads.
Support Sporcle.
Get the best of Sporcle when you Go Orange. This ad-free experience offers more features, more stats, and more fun while also helping to support Sporcle. Thank you for becoming a member.

Show Comments

Extras

Top Quizzes Today


Score Distribution

Your Account Isn't Verified!

In order to create a playlist on Sporcle, you need to verify the email address you used during registration. Go to your Sporcle Settings to finish the process.

Report this User

Report this user for behavior that violates our Community Guidelines.

Details: